| 000 | 00657cam a2200193 i 4500 | ||
|---|---|---|---|
| 005 | 20251224123014.0 | ||
| 008 | 250721s1998 xx gr 000 0 ara d | ||
| 082 | 1 | 4 |
_a218.621 _bه ا ن |
| 100 | 1 |
_aهاني، إدريس _eمؤلف. |
|
| 245 | 1 | 2 |
_aالعرب والغرب : _bأية علاقة أي رهان / _cإدريس هاني. |
| 250 | _aالطبعة الأولى. | ||
| 264 | 3 | 1 |
_bدار الاتحاد للطباعة والنشر، _c1998. _a[غير معرف] : |
| 300 | _a286 صفحة. | ||
| 650 | 1 | 7 | _aالعرب. |
| 650 | 1 | 7 | _aالغرب. |
| 650 | 1 | 7 | _aالفكر الاسلامي. |
| 942 |
_2ddc _cBK |
||
| 999 |
_c128603 _d128603 |
||